| 000 | 00799nam a2200229Ia 4500 | ||
|---|---|---|---|
| 003 | OSt | ||
| 005 | 20220927105742.0 | ||
| 006 | a|||||r|||| 00| 0 | ||
| 007 | ta | ||
| 008 | 220926b |||||||| |||| 00| 0 eng d | ||
| 024 | _a203177 | ||
| 037 | _cReference Collections | ||
| 040 |
_aRTL _cRTL _beng |
||
| 041 |
_2eng _aeng |
||
| 082 | _a"Y15.2.P, Q1" | ||
| 100 |
_aUNITED NATIONS ENTITY FOR GENDER EQUALITY AND THE EMPOWERMENT OF WOMEN _9374732 |
||
| 245 | 0 |
_aPooling knowledge on gender and planning _b A report of proceedings |
|
| 260 |
_aNew _b"Delhi, UN Women's Office, " _c2011 |
||
| 300 |
_a"viii, 64p" _ccm. |
||
| 942 |
_h"Y15.2.P, Q1" _cCC |
||
| 999 |
_c694388 _d694388 |
||